000 00411 a2200169 4500
001 73342
020 _a8526214071
040 _cAnchieta - Colégio São Paulo
100 _aLopes, Sônia
240 1 0 _aBio: Testes de vestibulares e ENEM
_lpor
245 1 0 _aBio: Testes de vestibulares e ENEM
300 _a
362 0 _a1989
440 1 _aScipione
650 4 _aCiência da vida - Biologia
942 _cBK
999 _c73342
_d73342